| 000 | 00820nam a2200277Ia 4500 | ||
|---|---|---|---|
| 001 | Para_7410 | ||
| 003 | CHAP | ||
| 008 | 220125s1964 xx 000 0 und d | ||
| 010 | _a206277 | ||
| 040 | _cCHAP | ||
| 082 | _aPA 632.1925 I58 | ||
| 110 |
_aInternational Atomic Energy Agency _9171157 |
||
| 245 |
_aLaboratory training manual on the use of isotopes and radiation in soil-plant relations research / _c by IAEA |
||
| 260 |
_aViena : _b IAEA |
||
| 300 | _a165 p. | ||
| 650 |
_aRadiación _x efecto en plantas _993674 |
||
| 650 |
_aRadiación _x efecto en suelos _993676 |
||
| 650 |
_aRadioisotopos _993701 |
||
| 901 | _aPA 632.1925 I58 | ||
| 902 | _aA | ||
| 905 | _a0000001964 0000000000 00 | ||
| 910 | _a1964 | ||
| 942 | _cPARA | ||
| 942 |
_cPARA _d1 |
||
| 999 |
_c206277 _d206277 |
||